书目信息 |
| 题名: |
高渐离
|
|
| 作者: | 郭沫若 著 | |
| 分册: | ||
| 出版信息: | 北京 人民文学出版社 1979 |
|
| 页数: | 125页 | |
| 开本: | 20cm | |
| 丛书名: | ||
| 单 册: | ||
| 中图分类: | I234.6 , I217.2 | |
| 科图分类: | ||
| 主题词: | 历史题材剧(话剧)--剧本--中国--现代 , 文学--作品集--中国 | |
| 电子资源: | ||
| ISBN: | ||
| 000 | 00652nam0 2200253 45 | |
| 001 | 0179003157 | |
| 005 | 20040420081916.7 | |
| 010 | @dCNY0.37 | |
| 091 | @a10019.2832 | |
| 100 | @a19950719d1979 em y0chiy0121 ea | |
| 101 | 0 | @achi |
| 102 | @aCN@b110000 | |
| 105 | @ay z 000by | |
| 106 | @ar | |
| 200 | 10 | @a高渐离@Agao jian li@e[五幕历史剧]@f郭沫若著 |
| 210 | @a北京@c人民文学出版社@d1979 | |
| 215 | @a125页@d20cm | |
| 606 | @a历史题材剧(话剧)@x剧本@y中国@z现代 | |
| 606 | 0 | @a文学@x作品集@x中国 |
| 690 | @aI234.6@v3 | |
| 690 | @aI217.2 | |
| 701 | 0 | @a郭沫若@Aguo mo ruo@4著 |
| 801 | 0 | @aCN@bNLC@c20040420 |
| 905 | @f1@b19270@dI217.2@e2 | |
| 高渐离:[五幕历史剧]/郭沫若著.-北京:人民文学出版社,1979 |
| 125页;20cm |
| ISBN :CNY0.37 |
| ● |
| 相关链接 |
|
|
|
|
正题名:高渐离
索取号:I217.2/2
 
预约/预借
| 序号 | 登录号 | 条形码 | 馆藏地/架位号 | 状态 | 备注 |
| 1 | 0019270 | 000765103 | 第二借阅区/ [索取号:I217.2/2] | 在馆 | |
| 2 | 0019271 | 202441330 | 第一样本阅览室/ [索取号:I217.2/2] | 在馆 |